[Event "Niedersachsen-ch Seniors op 13th"]
[Site "Bad Bevensen"]
[Date "2010.07.06"]
[Round "1"]
[White "Zunker, Reinhard"]
[Black "Weber, Gerhard"]
[Result "1-0"]
[WhiteElo "2118"]
[BlackElo "1698"]
[PlyCount "51"]
[EventDate "2010.07.06"]
[EventType "swiss"]
[EventRounds "9"]
[EventCountry "GER"]
[SourceTitle "EXT 2012"]
[Source "ChessBase"]
[SourceDate "2011.11.24"]
[SourceVersion "1"]
[SourceVersionDate "2011.11.24"]
[SourceQuality "1"]

1. e4 e5 2. Nf3 Nc6 3. c3 f5 4. d3 d5 5. Qb3 Nf6 6. Bg5 dxe4 7. dxe4 fxe4 8.
Nfd2 Bd6 9. Nxe4 Ke7 10. Nbd2 h6 11. Bxf6+ gxf6 12. O-O-O Rb8 13. Nc4 Be6 14.
Qc2 Qg8 15. Nexd6 cxd6 16. Nxd6 Bxa2 17. Nf5+ Kf8 18. Rd6 Qg5+ 19. Ne3 Bf7 20.
h4 Qg7 21. Bd3 Ne7 22. Rh3 Bg6 23. Rg3 Bxd3 24. Qxd3 Qf7 25. Nf5 Nc6 26. Rxc6
1-0

[Event "Karvina op"]
[Site "Karvina"]
[Date "2010.07.05"]
[Round "3"]
[White "Reznicek, Marcel"]
[Black "Olsar, Jaroslav"]
[Result "1/2-1/2"]
[WhiteElo "2045"]
[BlackElo "2280"]
[PlyCount "35"]
[EventDate "2010.07.03"]
[EventType "swiss"]
[EventRounds "9"]
[EventCountry "CZE"]
[SourceTitle "EXT 2011"]
[Source "ChessBase"]
[SourceDate "2010.11.26"]
[SourceVersion "1"]
[SourceVersionDate "2010.11.26"]
[SourceQuality "1"]

1. e4 e5 2. Nf3 Nc6 3. c3 f5 4. d4 fxe4 5. Nxe5 Nf6 6. Bg5 Be7 7. Bc4 d5 8. Bb5
Bd7 9. Qa4 Nxe5 10. dxe5 Ng4 11. e6 Bxb5 12. Qxb5+ Kf8 13. Bxe7+ Kxe7 14. Qe2
Ne5 15. O-O Qd6 16. Nd2 Rhf8 17. c4 c6 18. f4 1/2-1/2

[Event "Kostroma Volga Cup (Women)"]
[Site "Kostroma"]
[Date "2010.07.04"]
[Round "3.4"]
[White "Tantsiura, Marja"]
[Black "Rysbayeva, Korlan"]
[Result "1-0"]
[WhiteElo "2030"]
[BlackElo "2040"]
[PlyCount "47"]
[EventDate "2010.07.03"]
[EventType "tourn"]
[EventRounds "11"]
[EventCountry "RUS"]
[SourceTitle "EXT 2011"]
[Source "ChessBase"]
[SourceDate "2010.11.26"]
[SourceVersion "1"]
[SourceVersionDate "2010.11.26"]
[SourceQuality "1"]

1. e4 e5 2. Nf3 Nc6 3. c3 Nf6 4. d4 exd4 5. e5 Nd5 6. cxd4 Bb4+ 7. Nbd2 d6 8.
Bb5 O-O 9. O-O Nce7 10. a3 Ba5 11. Ne4 dxe5 12. dxe5 Bf5 13. Ng3 Bg4 14. Be2 c6
15. Ng5 Bxe2 16. Qxe2 Ng6 17. Qh5 h6 18. Nxf7 Ndf4 19. Bxf4 Rxf7 20. Bxh6 Qd3
21. e6 Rf6 22. Bxg7 Kxg7 23. Qxa5 Rxe6 24. Rad1 1-0

[Event "Karvina op"]
[Site "Karvina"]
[Date "2010.07.04"]
[Round "2"]
[White "Reznicek, Marcel"]
[Black "Kuzmicz, Krystian"]
[Result "1/2-1/2"]
[WhiteElo "2045"]
[BlackElo "2415"]
[PlyCount "64"]
[EventDate "2010.07.03"]
[EventType "swiss"]
[EventRounds "9"]
[EventCountry "CZE"]
[SourceTitle "EXT 2011"]
[Source "ChessBase"]
[SourceDate "2010.11.26"]
[SourceVersion "1"]
[SourceVersionDate "2010.11.26"]
[SourceQuality "1"]

1. e4 e5 2. Nf3 Nc6 3. c3 d5 4. Qa4 f6 5. exd5 Qxd5 6. d4 Bd7 7. Bb5 a6 8. c4
Qe4+ 9. Be3 Rd8 10. Nbd2 axb5 11. cxb5 Qg4 12. bxc6 Bxc6 13. Qb3 e4 14. h3 Qd7
15. Ng1 f5 16. Ne2 Nf6 17. Nc4 Bd5 18. Nc3 Be6 19. O-O Be7 20. Rac1 c6 21. Ne2
b5 22. Ne5 Bxb3 23. Nxd7 Kxd7 24. axb3 Rc8 25. Bf4 Bd6 26. Be5 Nd5 27. Bxg7
Rhg8 28. Be5 f4 29. Bxd6 Kxd6 30. Nc3 Nxc3 31. bxc3 Kd5 32. Rce1 h5 1/2-1/2

[Event "CRO-ch U15 19th"]
[Site "Sibenik"]
[Date "2010.07.03"]
[Round "9"]
[White "Camber, Ivan"]
[Black "Matanovic, Luka"]
[Result "1/2-1/2"]
[WhiteElo "1880"]
[BlackElo "1729"]
[PlyCount "87"]
[EventDate "2010.06.28"]
[EventType "swiss"]
[EventRounds "9"]
[EventCountry "CRO"]
[SourceTitle "CBM 137 Extra"]
[Source "ChessBase"]
[SourceDate "2010.09.01"]
[SourceVersion "1"]
[SourceVersionDate "2010.09.01"]
[SourceQuality "1"]

1. e4 e5 2. Nf3 Nc6 3. c3 d5 4. Qa4 Bd7 5. exd5 Nd4 6. Qd1 Nxf3+ 7. Qxf3 Nf6 8.
h3 e4 9. Qe3 Bd6 10. d4 O-O 11. c4 c6 12. dxc6 Bxc6 13. Nc3 Nh5 14. Qg5 Nf6 15.
Be2 h6 16. Qh4 Re8 17. O-O Bc7 18. d5 Bd7 19. Bf4 Ba5 20. Qg3 Qb6 21. Bxh6 Nh5
22. Bxh5 Qxh6 23. Bd1 Qd2 24. Ba4 Bxa4 25. Nxa4 Rac8 26. Rac1 b5 27. Rfd1 Qh6
28. d6 Red8 29. Nc3 Rxc4 30. b3 Rc6 31. Ne2 Rcxd6 32. Rxd6 Qxd6 33. Qxd6 Rxd6
34. Rc5 a6 35. Rc8+ Kh7 36. Ra8 Bc7 37. Ng3 Rd1+ 38. Kh2 Rd3 39. Re8 Bxg3+ 40.
fxg3 Rd2 41. a4 bxa4 42. bxa4 Rd4 43. a5 Ra4 44. g4 1/2-1/2

[Event "SUI-ch U14"]
[Site "Belp"]
[Date "2010.07.02"]
[Round "3"]
[White "Zuest, Leonard"]
[Black "Duruz, Noe"]
[Result "1-0"]
[WhiteElo "1797"]
[BlackElo "1554"]
[PlyCount "61"]
[EventDate "2010.06.29"]
[EventType "swiss"]
[EventRounds "7"]
[EventCountry "SUI"]
[SourceTitle "EXT 2012"]
[Source "ChessBase"]
[SourceDate "2011.11.24"]
[SourceVersion "1"]
[SourceVersionDate "2011.11.24"]
[SourceQuality "1"]

1. e4 e5 2. Nf3 Nc6 3. c3 Nf6 4. d4 exd4 5. e5 Nd5 6. cxd4 d6 7. Bb5 Bd7 8. Qb3
Nb6 9. Ng5 Qe7 10. Bxc6 Bxc6 11. O-O Bd5 12. exd6 Qxd6 13. Re1+ Be7 14. Qe3 Bc6
15. b3 h6 16. Ba3 Nd5 17. Qe2 Qf6 18. Nf3 b5 19. Bc5 a5 20. Nbd2 Rd8 21. Rac1
Rd7 22. Ne5 Qg5 23. Nxc6 Nf4 24. Qf3 Ne6 25. Bxe7 Rxe7 26. Nxe7 Qxd2 27. Ng6
fxg6 28. Rxe6+ Kd8 29. Qa8+ Kd7 30. Qc6+ Kd8 31. Qxc7# 1-0

[Event "Znin op"]
[Site "Znin"]
[Date "2010.07.01"]
[Round "8"]
[White "Bokiej, Przemyslaw"]
[Black "Grabarczyk, Miroslaw"]
[Result "0-1"]
[WhiteElo "2057"]
[BlackElo "2456"]
[PlyCount "46"]
[EventDate "2010.06.27"]
[EventType "swiss"]
[EventRounds "9"]
[EventCountry "POL"]
[SourceTitle "CBM 137 Extra"]
[Source "ChessBase"]
[SourceDate "2010.09.01"]
[SourceVersion "1"]
[SourceVersionDate "2010.09.01"]
[SourceQuality "1"]

1. e4 e5 2. Nf3 Nc6 3. c3 Nf6 4. d4 d6 5. d5 Nb8 6. Bd3 Nbd7 7. Bc2 Be7 8. O-O
O-O 9. c4 c6 10. Nc3 a6 11. a4 a5 12. Ne2 Nc5 13. Ng3 g6 14. Bh6 Re8 15. h3
cxd5 16. exd5 Nfd7 17. Qd2 Bf8 18. Bxf8 Rxf8 19. h4 f5 20. h5 Qf6 21. hxg6 hxg6
22. Ng5 e4 23. f3 e3 0-1

[Event "FICGS__CHESS__RAPID_E__000030"]
[Site "FICGS"]
[Date "2010.07.01"]
[Round "1"]
[White "Melquiades, Jay"]
[Black "Quanter, Kirsty"]
[Result "0-1"]
[WhiteElo "825"]
[BlackElo "1067"]
[PlyCount "42"]
[EventDate "2010.??.??"]
[EventType "rapid"]

1. e4 e5 2. Nf3 Nc6 3. c3 d5 4. d4 dxe4 5. Ng5 exd4 6. Bc4 f5 7. Nf7 Qh4 8. Bg5
Qg4 9. Nxh8 Qxg2 10. Bf7+ Kd7 11. Nd2 Qxh1+ 12. Nf1 b6 13. Bxg8 h6 14. Qb3 Nd8
15. Bxd8 Kxd8 16. O-O-O c5 17. Qd5+ Kc7 18. Qxa8 Bd6 19. Ng3 Bf4+ 20. Kc2 d3+
21. Rxd3 exd3+ 0-1

[Event "TUR-chT"]
[Site "Konya"]
[Date "2010.06.30"]
[Round "3"]
[White "Uzun, Sarp"]
[Black "Komut, Burak"]
[Result "1/2-1/2"]
[WhiteElo "1966"]
[BlackElo "2012"]
[PlyCount "60"]
[EventDate "2010.06.29"]
[EventType "team-tourn"]
[EventRounds "13"]
[EventCountry "TUR"]
[SourceTitle "CBM 137 Extra"]
[Source "ChessBase"]
[SourceDate "2010.09.01"]
[SourceVersion "1"]
[SourceVersionDate "2010.09.01"]
[SourceQuality "1"]

1. e4 e5 2. Nf3 Nc6 3. c3 Be7 4. d4 exd4 5. cxd4 d5 6. exd5 Nb4 7. a3 Nxd5 8.
Nc3 Ngf6 9. Bc4 O-O 10. O-O Bg4 11. h3 Bh5 12. Bg5 Nxc3 13. bxc3 Re8 14. Qb3
Rb8 15. Ne5 Rf8 16. f4 Ne4 17. Bxe7 Qxe7 18. Rfe1 Nd2 19. Qa2 Nxc4 20. Qxc4 b5
21. Qd5 Qh4 22. Rf1 Qf6 23. Qc6 Qxc6 24. Nxc6 Be2 25. Rfe1 Rbe8 26. Ne5 Bc4 27.
Nc6 a6 28. Ne7+ Kh8 29. Nc6 Re6 30. Rxe6 Bxe6 1/2-1/2

[Event "FICGS__CHESS__CLASS_E__000125"]
[Site "FICGS"]
[Date "2010.06.30"]
[Round "1"]
[White "Todd, Daniel"]
[Black "Willoughby, Peter"]
[Result "1-0"]
[WhiteElo "1222"]
[BlackElo "1214"]
[PlyCount "43"]
[EventDate "2010.??.??"]

1. e4 e5 2. Nf3 Nc6 3. c3 Nf6 4. d4 Bd6 5. Bd3 O-O 6. O-O exd4 7. cxd4 Be7 8.
Nc3 d5 9. e5 Ne8 10. Be3 Bg4 11. h3 Bd7 12. Nxd5 Bb4 13. Nxb4 Nxb4 14. Bg5 f6
15. Qb3+ Kh8 16. Qxb4 Nd6 17. Bxf6 gxf6 18. exd6 Qc8 19. dxc7 Qxc7 20. Qe7 f5
21. Ng5 Rac8 22. Qxh7# 1-0

[Event "SLO-ch U20"]
[Site "Pohorje"]
[Date "2010.06.27"]
[Round "4"]
[White "Zunic, Gregor"]
[Black "Zagorsek, David"]
[Result "1-0"]
[WhiteElo "1500"]
[BlackElo "1515"]
[PlyCount "77"]
[EventDate "2010.06.25"]
[EventType "swiss"]
[EventRounds "7"]
[EventCountry "SLO"]
[SourceTitle "CBM 137 Extra"]
[Source "ChessBase"]
[SourceDate "2010.09.01"]
[SourceVersion "1"]
[SourceVersionDate "2010.09.01"]
[SourceQuality "1"]

1. e4 e5 2. Nf3 Nc6 3. c3 Nf6 4. d4 exd4 5. e5 Ne4 6. cxd4 d5 7. Bb5 Be7 8. Qa4
Bd7 9. O-O O-O 10. Nc3 a6 11. Bd3 Nxe5 12. Qc2 Nxf3+ 13. gxf3 Nf6 14. Re1 Bd6
15. Bg5 h6 16. Bh4 c6 17. Bf5 Be7 18. Re2 Re8 19. Rae1 g5 20. Bg3 Rc8 21. f4
Bd6 22. fxg5 Bxg3 23. gxf6 Rxe2 24. Rxe2 Bh4 25. Re7 Bxf5 26. Qxf5 Bg5 27. f4
Bxf6 28. Qxf6 Qf8 29. Rxb7 Qe8 30. Re7 Qf8 31. Na4 Rb8 32. b3 Rb4 33. Ra7 Qe8
34. Re7 Qf8 35. Rd7 Qe8 36. Rd8 Rb8 37. Rxe8+ Rxe8 38. Qxc6 Re1+ 39. Kf2 1-0

[Event "GRE-ch U16"]
[Site "Kallithea"]
[Date "2010.06.27"]
[Round "2"]
[White "Anagnostopoulos, Konstantinos"]
[Black "Sandalakis, Nikolaos"]
[Result "1-0"]
[WhiteElo "1893"]
[BlackElo "1904"]
[PlyCount "87"]
[EventDate "2010.06.26"]
[EventType "swiss"]
[EventRounds "9"]
[EventCountry "GRE"]
[SourceTitle "CBM 137 Extra"]
[Source "ChessBase"]
[SourceDate "2010.09.01"]
[SourceVersion "1"]
[SourceVersionDate "2010.09.01"]
[SourceQuality "1"]

1. e4 e5 2. Nf3 Nc6 3. c3 Nf6 4. d4 Qe7 5. d5 Nb8 6. Nbd2 g6 7. Qa4 Bg7 8. Bd3
O-O 9. O-O d6 10. b4 Nh5 11. Nc4 f5 12. Qb3 f4 13. Be2 Kh8 14. Ncd2 Nd7 15. Bb2
h6 16. c4 b6 17. Rac1 Qf7 18. h4 Bf6 19. Kh2 g5 20. g4 fxg3+ 21. fxg3 Qg6 22.
hxg5 Bxg5 23. Nxg5 Qxg5 24. Rxf8+ Nxf8 25. Rf1 Ng6 26. Qf3 Nhf4 27. gxf4 Qh4+
28. Kg1 Bh3 29. Qf2 Rg8 30. Qxh4 Nxh4+ 31. Kh2 Bxf1 32. Bxf1 Ng6 33. fxe5 Nxe5
34. Bh3 Kh7 35. Bf5+ Kg7 36. Nf3 Kf6 37. Nxe5 dxe5 38. c5 bxc5 39. bxc5 Rb8 40.
Bc3 Rb1 41. d6 cxd6 42. cxd6 Rb5 43. d7 Ke7 44. Be1 1-0

[Event "Team match"]
[Site "http://gameknot.com/chess.pl?"]
[Date "2010.06.27"]
[Round "?"]
[White "nordlicht"]
[Black "brigadecommander"]
[Result "1/2-1/2"]
[WhiteElo "2027"]
[BlackElo "2041"]
[PlyCount "104"]
[EventDate "2010.??.??"]
[SourceTitle "OM Portal C 201906"]
[Source "Opening Master"]
[SourceDate "2019.06.27"]
[SourceVersion "1"]
[SourceVersionDate "2019.06.27"]
[SourceQuality "1"]

1. e4 e5 2. Nf3 Nc6 3. c3 d5 4. Qa4 Nf6 5. Nxe5 Bd6 6. Nxc6 bxc6 7. d3 O-O 8.
Be2 c5 9. O-O Re8 10. Bg5 Bd7 11. Qc2 h6 12. Bh4 dxe4 13. dxe4 g5 14. Bg3 Nxe4
15. Na3 Bc6 16. Rad1 Qd7 17. Nc4 Qe6 18. Bd3 Bxg3 19. fxg3 Rad8 20. Rde1 h5 21.
Nd2 f5 22. Bc4 Bd5 23. Bxd5 Rxd5 24. Nxe4 fxe4 25. Qe2 Qg6 26. Qc4 Ree5 27. Re3
Kg7 28. Qe2 Re8 29. Re1 Rde5 30. Rf1 Qe6 31. b3 a5 32. c4 Kg6 33. a3 Rd8 34.
Qc2 Rd4 35. Ref3 Kg7 36. Re3 a4 37. bxa4 Rxc4 38. Qe2 Kg6 39. a5 Rd4 40. a6 Ra4
41. Qc2 Qxa6 42. Qb3 Qc4 43. Qb8 Re7 44. Qf8 Qe6 45. h4 Rd4 46. Rf2 Qe5 47.
hxg5 Kxg5 48. Rf5+ Qxf5 49. Qxe7+ Kh6 50. Re1 Qg4 51. Qf6+ Kh7 52. Kh2 Rd3
1/2-1/2

[Event "ZN-2010-0-01080"]
[Site "Lechenicher SchachServer"]
[Date "2010.06.24"]
[Round "?"]
[White "Aljbitskij, Pavel"]
[Black "Morin Montoya, Heron"]
[Result "0-1"]
[WhiteElo "828"]
[BlackElo "942"]
[PlyCount "82"]
[EventDate "2010.06.19"]

1. e4 e5 2. Nf3 Nc6 3. c3 g6 4. d4 Bg7 5. d5 Nce7 6. c4 d6 7. Nc3 Nf6 8. Be2
O-O 9. O-O c5 10. h3 Nh5 11. Nh2 Nf4 12. Be3 Bh6 13. Ng4 Bg5 14. Bxf4 exf4 15.
e5 Nf5 16. Ne4 dxe5 17. Nxe5 Bf6 18. Nd3 b6 19. Rb1 Re8 20. Nxf6+ Qxf6 21. Bg4
Nd4 22. Bxc8 Raxc8 23. Re1 f3 24. g3 Rxe1+ 25. Qxe1 Ne2+ 26. Kh2 Re8 27. Qd2
Qd4 28. b3 Nc3 29. Re1 Ne4 30. Qe3 Qxe3 31. Rxe3 f5 32. Rxf3 Nd2 33. Re3 Nf1+
34. Kg2 Nxe3+ 35. fxe3 Rxe3 36. Nf4 Kf7 37. d6 Ke8 38. Kf2 Rc3 39. Nd5 Rc2+ 40.
Ke3 Rxa2 41. Nf6+ Kd8 0-1

[Event "South California-ch Cand"]
[Site "Garden Grove"]
[Date "2010.06.20"]
[Round "4"]
[White "Roberts, Chris"]
[Black "Brown, Michael William"]
[Result "0-1"]
[WhiteElo "1919"]
[BlackElo "2020"]
[PlyCount "58"]
[EventDate "2010.06.19"]
[EventType "swiss"]
[EventRounds "4"]
[EventCountry "USA"]
[SourceTitle "EXT 2014"]
[Source "ChessBase"]
[SourceDate "2013.11.20"]
[SourceVersion "1"]
[SourceVersionDate "2013.11.20"]
[SourceQuality "1"]

1. e4 e5 2. Nf3 Nc6 3. c3 d5 4. Qa4 f6 5. Bb5 Nge7 6. exd5 Qxd5 7. d4 Bg4 8. c4
Qe4+ 9. Be3 Bxf3 10. Nd2 Qg6 11. Nxf3 Qxg2 12. O-O-O Qxf3 13. d5 a6 14. c5 Rb8
15. Bc4 Nf5 16. dxc6 Qxc6 17. Qb3 Bxc5 18. Bxc5 Qxc5 19. Kb1 Nd4 20. Rxd4 exd4
21. Re1+ Kf8 22. Bf7 g6 23. Ka1 Kg7 24. a3 Rhd8 25. Bc4 b5 26. Bd3 Qd6 27. h3
Re8 28. Qd1 Rxe1 29. Qxe1 c5 0-1

[Event "IV. Bezdan Emlekverseny"]
[Site "Szeged, Hungary"]
[Date "2010.06.19"]
[Round "3"]
[White "Mike, Peter"]
[Black "Peczely, Sebastian Zsombor"]
[Result "1-0"]
[WhiteElo "2018"]
[BlackElo "1657"]
[PlyCount "40"]
[EventDate "2010.??.??"]
[EventRounds "7"]
[EventCountry "HUN"]
[SourceTitle "OM OTB B 201907"]
[Source "Opening Master"]
[SourceDate "2019.07.06"]
[SourceVersion "2"]
[SourceVersionDate "2019.07.06"]
[SourceQuality "1"]

1. e4 e5 2. Nf3 Nc6 3. c3 Nf6 4. d4 d6 5. Be2 Be7 6. Be3 Nxe4 7. d5 Nb8 8. Qa4+
Nd7 9. Qxe4 f5 10. Qxf5 Nf6 11. Qc2 Nxd5 12. O-O O-O 13. Bc4 c6 14. Qb3 Be6 15.
a4 Qe8 16. Ng5 Bxg5 17. Bxg5 Qg6 18. Bh4 Kh8 19. Bg3 b5 20. axb5 cxb5 1-0

[Event "Pula op 24th"]
[Site "Pula"]
[Date "2010.06.19"]
[Round "1"]
[White "Barle, Janez"]
[Black "Mrvicin, Marin"]
[Result "1-0"]
[WhiteElo "2404"]
[BlackElo "1964"]
[PlyCount "59"]
[EventDate "2010.06.19"]
[EventType "swiss"]
[EventRounds "9"]
[EventCountry "CRO"]
[SourceTitle "CBM 137 Extra"]
[Source "ChessBase"]
[SourceDate "2010.09.01"]
[SourceVersion "1"]
[SourceVersionDate "2010.09.01"]
[SourceQuality "1"]

1. e4 e5 2. Nf3 Nc6 3. c3 Nf6 4. d4 exd4 5. e5 Nd5 6. cxd4 Bb4+ 7. Bd2 d6 8.
Bxb4 Ncxb4 9. Bc4 Nb6 10. Bb3 O-O 11. O-O dxe5 12. Nxe5 Be6 13. Bxe6 fxe6 14.
Nc3 c6 15. Qb3 N4d5 16. a4 Nc7 17. a5 Nbd5 18. Qxb7 Nxc3 19. bxc3 Nd5 20. Qxc6
Rf6 21. c4 Nc3 22. Rae1 Rc8 23. Qb7 Rb8 24. Qd7 Qf8 25. Re3 Rb1 26. Rxb1 Nxb1
27. Ng4 Rf4 28. Qxe6+ Kh8 29. Ne5 Rf5 30. Nd7 1-0

[Event "IV. Bezdan Emlekverseny"]
[Site "Szeged, Hungary"]
[Date "2010.06.18"]
[Round "1"]
[White "Mike, Peter"]
[Black "Pakolicz, Gyula"]
[Result "1-0"]
[WhiteElo "2018"]
[BlackElo "1599"]
[PlyCount "93"]
[EventDate "2010.??.??"]
[EventRounds "7"]
[EventCountry "HUN"]
[SourceTitle "OM OTB B 201907"]
[Source "Opening Master"]
[SourceDate "2019.07.06"]
[SourceVersion "2"]
[SourceVersionDate "2019.07.06"]
[SourceQuality "1"]

1. e4 e5 2. Nf3 Nc6 3. c3 d6 4. d4 a6 5. Bc4 h6 6. O-O Nf6 7. dxe5 dxe5 8.
Qxd8+ Kxd8 9. Bxf7 Bd6 10. Nbd2 b5 11. a4 Bb7 12. b3 Ne7 13. Re1 Kd7 14. b4
Rhf8 15. Bb3 g5 16. Bc2 Nh5 17. Nb3 Nc6 18. Be3 Nf4 19. Rad1 Ne6 20. Nc5+ Nxc5
21. bxc5 Rf6 22. cxd6 cxd6 23. axb5 axb5 24. Ra1 Rff8 25. Bd3 b4 26. cxb4 Nxb4
27. Bb5+ Bc6 28. Bxc6+ Nxc6 29. h3 Nb4 30. Rxa8 Rxa8 31. Rb1 Ra4 32. Bd2 Nd3
33. Rb7+ Kc6 34. Rh7 Rxe4 35. Rxh6 g4 36. Ng5 Re2 37. Be3 g3 38. Nf3 gxf2+ 39.
Bxf2 Rxf2 40. Nxe5+ Kd5 41. Nxd3 Rd2 42. Nf2 Kc4 43. h4 d5 44. h5 Re2 45. g4 d4
46. Rd6 Re5 47. h6 1-0

[Event "Oslo Sveins op 3rd"]
[Site "Oslo"]
[Date "2010.06.18"]
[Round "1"]
[White "Trygstad, Kristian"]
[Black "Mihajlov, Sebastian"]
[Result "1-0"]
[WhiteElo "2297"]
[BlackElo "1868"]
[PlyCount "37"]
[EventDate "2010.06.18"]
[EventType "swiss"]
[EventRounds "9"]
[EventCountry "NOR"]
[SourceTitle "CBM 137 Extra"]
[Source "ChessBase"]
[SourceDate "2010.09.01"]
[SourceVersion "1"]
[SourceVersionDate "2010.09.01"]
[SourceQuality "1"]

1. e4 e5 2. Nf3 Nc6 3. c3 Nf6 4. d4 exd4 5. e5 Ne4 6. Qe2 Nc5 7. cxd4 Ne6 8. d5
Bb4+ 9. Nc3 Ncd4 10. Nxd4 Nxd4 11. Qe4 c5 12. Bd3 Qa5 13. O-O g6 14. Qf4 Qd8
15. Ne4 Nf5 16. Nf6+ Kf8 17. Bxf5 h6 18. Qxh6+ Rxh6 19. Bxh6+ 1-0

[Event "SE-2010-0-00049"]
[Site "Lechenicher SchachServer"]
[Date "2010.06.18"]
[Round "?"]
[White "Molano, Ismael"]
[Black "Brus, Hartmut"]
[Result "0-1"]
[WhiteElo "1307"]
[BlackElo "1442"]
[PlyCount "52"]
[EventDate "2010.04.12"]
[SourceTitle "OM Corr 202003"]
[Source "Opening Master"]
[SourceDate "2019.05.30"]
[SourceVersion "2"]
[SourceVersionDate "2019.05.30"]
[SourceQuality "1"]

1. e4 e5 2. Nf3 Nc6 3. c3 Nf6 4. d4 exd4 5. e5 Ne4 6. Qe2 f5 7. exf6 d5 8. Nbd2
Qxf6 9. Nxe4 dxe4 10. Qxe4+ Qe6 11. Bd3 dxc3 12. bxc3 Bd7 13. O-O O-O-O 14. Bg5
Qxe4 15. Bxe4 Re8 16. Bd5 Ne5 17. Be3 Bd6 18. Bxa7 b6 19. Nd4 Ng4 20. h3 Nf6
21. Bf3 Re5 22. Nb3 Ba3 23. Rae1 Rhe8 24. Rxe5 Rxe5 25. Rd1 Be6 26. g4 Bd5 0-1

[Event "FICGS__CHESS__RAPID_E__000029"]
[Site "FICGS"]
[Date "2010.06.17"]
[Round "1"]
[White "Melquiades, Jay"]
[Black "Marques, João"]
[Result "0-1"]
[WhiteElo "825"]
[BlackElo "1215"]
[PlyCount "40"]
[EventDate "2010.??.??"]
[EventType "rapid"]

1. e4 e5 2. Nf3 Nc6 3. c3 Nf6 4. d3 Bc5 5. Be3 Bxe3 6. fxe3 O-O 7. d4 exd4 8.
Bb5 dxe3 9. O-O Re8 10. Re1 Nxe4 11. Rxe3 Nf6 12. Rd3 Qe7 13. Nbd2 a6 14. Qe1
axb5 15. Re3 Qxe3+ 16. Qxe3 Rxe3 17. Kf2 Re7 18. a3 d6 19. h3 Bd7 20. Kg3 Ne4+
0-1

[Event "Frankfurt-ch"]
[Site "Frankfurt"]
[Date "2010.06.14"]
[Round "7"]
[White "Richter, Tobias"]
[Black "Kulenovic, Adnan"]
[Result "0-1"]
[WhiteElo "2099"]
[BlackElo "1799"]
[PlyCount "92"]
[EventDate "2010.04.26"]
[EventType "swiss"]
[EventRounds "7"]
[EventCountry "GER"]
[SourceTitle "EXT 2011"]
[Source "ChessBase"]
[SourceDate "2010.11.26"]
[SourceVersion "1"]
[SourceVersionDate "2010.11.26"]
[SourceQuality "1"]

1. e4 e5 2. Nf3 Nc6 3. c3 f5 4. d3 Nf6 5. Bg5 h6 6. Bxf6 Qxf6 7. Nbd2 d6 8. Qb3
Be7 9. O-O-O Qf7 10. Qxf7+ Kxf7 11. d4 exd4 12. cxd4 Bf6 13. Bc4+ Kg6 14. exf5+
Bxf5 15. g4 Bd7 16. Ne4 Rhf8 17. g5 Be7 18. Be2 Rf4 19. Nc3 Raf8 20. Rd3 Bxg5
21. Rg1 Rg4+ 22. Kd1 Rxg1+ 23. Nxg1 Rxf2 24. h4 Bxh4 25. Nf3 Bf6 26. Nd5 Bf5
27. Rb3 Be4 28. Nxc7 Rxe2 29. Kxe2 Bxf3+ 30. Kf2 Nxd4 31. Rb4 Bc6 32. b3 Bd8
33. Rxd4 Bxc7 34. Kg3 d5+ 35. Kh4 Bd8+ 36. Kg3 Bf6 37. Rd1 Kf5 38. b4 Ke4 39.
Rb1 a6 40. Kf2 Bh4+ 41. Ke2 Bb5+ 42. Kd1 d4 43. Rc1 Ba4+ 44. Ke2 d3+ 45. Kf1 d2
46. Rc4+ Kd3 0-1

[Event "Kimry op 52nd"]
[Site "Kimry"]
[Date "2010.06.12"]
[Round "6"]
[White "Kuryshkin, Anatoliy"]
[Black "Markov, Mikhail1"]
[Result "1-0"]
[WhiteElo "1979"]
[BlackElo "1853"]
[PlyCount "97"]
[EventDate "2010.06.10"]
[EventType "swiss"]
[EventRounds "7"]
[EventCountry "RUS"]
[SourceTitle "CBM 136 Extra"]
[Source "ChessBase"]
[SourceDate "2010.07.02"]
[SourceVersion "2"]
[SourceVersionDate "2010.07.15"]
[SourceQuality "1"]

1. e4 e5 2. Nf3 Nc6 3. c3 Nf6 4. d4 exd4 5. e5 Nd5 6. Qb3 Nb6 7. cxd4 Bb4+ 8.
Nc3 d6 9. Bb5 O-O 10. Bg5 Nxd4 11. Nxd4 Bxc3+ 12. Qxc3 Qxg5 13. Nf3 Qe7 14.
O-O-O dxe5 15. Nxe5 Qg5+ 16. Kb1 c6 17. f4 Bf5+ 18. Ka1 Qf6 19. Be2 Nd5 20. Qf3
Nb4 21. a3 Nd5 22. g4 Be6 23. Nd3 Nb6 24. Qf2 Nc4 25. g5 Qe7 26. f5 Bd5 27. f6
Qe3 28. fxg7 Rfe8 29. Rhe1 Qxf2 30. Nxf2 Ne3 31. Rd2 Bb3 32. Rc1 Rad8 33. Rxd8
Rxd8 34. Rc3 Nf5 35. Rxb3 Rd2 36. Bh5 Rxf2 37. Rxb7 Nd4 38. Rxa7 Nb3+ 39. Ka2
Nc1+ 40. Kb1 Nd3 41. Rb7 Kxg7 42. b4 Rb2+ 43. Ka1 Rb3 44. Rxf7+ Kg8 45. Ra7 Rb2
46. Bf7+ Kh8 47. Bc4 Rd2 48. Ra8+ Kg7 49. Rg8# 1-0

[Event "Kimry op 52nd"]
[Site "Kimry"]
[Date "2010.06.11"]
[Round "4"]
[White "Kuryshkin, Anatoliy"]
[Black "Doronine, Vladimir"]
[Result "1-0"]
[WhiteElo "1979"]
[BlackElo "1887"]
[PlyCount "29"]
[EventDate "2010.06.10"]
[EventType "swiss"]
[EventRounds "7"]
[EventCountry "RUS"]
[SourceTitle "CBM 136 Extra"]
[Source "ChessBase"]
[SourceDate "2010.07.02"]
[SourceVersion "2"]
[SourceVersionDate "2010.07.15"]
[SourceQuality "1"]

1. e4 e5 2. Nf3 Nc6 3. c3 g6 4. d4 Bg7 5. Bc4 Nf6 6. dxe5 Nxe4 7. Qd5 O-O 8.
Qxe4 Ne7 9. O-O d5 10. exd6 cxd6 11. Bg5 Re8 12. Re1 Bf5 13. Qxb7 d5 14. Bxe7
dxc4 15. Bxd8 1-0

[Event "Kimry op 52nd"]
[Site "Kimry"]
[Date "2010.06.11"]
[Round "3"]
[White "Kuryshkin, Anatoliy"]
[Black "Bolgov, Ilia"]
[Result "1-0"]
[WhiteElo "1979"]
[BlackElo "1666"]
[PlyCount "73"]
[EventDate "2010.06.10"]
[EventType "swiss"]
[EventRounds "7"]
[EventCountry "RUS"]
[SourceTitle "CBM 136 Extra"]
[Source "ChessBase"]
[SourceDate "2010.07.02"]
[SourceVersion "2"]
[SourceVersionDate "2010.07.15"]
[SourceQuality "1"]

1. e4 e5 2. Nf3 Nc6 3. c3 d6 4. d4 Nf6 5. Bg5 Be7 6. d5 Nb8 7. Nbd2 Bg4 8. Be3
c5 9. dxc6 Nxc6 10. h3 Bh5 11. Qa4 O-O 12. g4 Bg6 13. Nh4 Nd7 14. Nf5 Nb6 15.
Qb3 Kh8 16. a4 Qc7 17. a5 Nd7 18. Bb5 Nc5 19. Qa2 Rfd8 20. b4 Ne6 21. h4 h6 22.
a6 Rdb8 23. Qd5 Ned8 24. h5 Bh7 25. axb7 Rxb7 26. Ba6 Rbb8 27. b5 Na5 28. Nxe7
Qxe7 29. Rxa5 Qc7 30. Ra3 f6 31. Qc4 Qd7 32. f3 Bg8 33. Qd3 Ne6 34. Kf2 Rd8 35.
c4 Nc7 36. Rha1 Qe7 37. Bb7 1-0